| Tag |
First Indicator |
Second Indicator |
Subfields |
| LEADER |
00000cam a2200000 a 4500 |
| 001 |
in00000015400 |
| 005 |
20151007053043.0 |
| 008 |
870320s1987 mau b s00110 eng |
| 010 |
|
|
|a 87006002
|
| 020 |
|
|
|a 087023580X (alk. paper)
|
| 020 |
|
|
|a 0870235818 (pbk. : alk. paper)
|
| 035 |
|
|
|a (OCoLC)15488996
|
| 035 |
|
|
|9 AAB0228AM
|
| 040 |
|
|
|a DLC
|c DLC
|d TXA
|d UtOrBLW
|
| 049 |
|
|
|a TXAM
|c [A11083246]
|
| 050 |
0 |
0 |
|a HQ1206
|b .B48 1987
|
| 082 |
0 |
|
|a 305.4/2
|2 19
|
| 100 |
1 |
|
|a Bluestone, Natalie Harris,
|d 1931-
|
| 245 |
1 |
0 |
|a Women and the ideal society :
|b Plato's Republic and modern myths of gender /
|c Natalie Harris Bluestone.
|
| 264 |
|
1 |
|a Amherst :
|b University of Massachusetts Press,
|c 1987.
|
| 300 |
|
|
|a x, 238 pages ;
|c 24 cm.
|
| 336 |
|
|
|a text
|b txt
|2 rdacontent
|
| 337 |
|
|
|a unmediated
|b n
|2 rdamedia
|
| 338 |
|
|
|a volume
|b nc
|2 rdacarrier
|
| 504 |
|
|
|a Bibliography: pages [225]-231.
|
| 500 |
|
|
|a Includes index.
|
| 650 |
|
0 |
|a Women.
|
| 600 |
0 |
0 |
|a Plato.
|t Republic.
|
| 650 |
|
0 |
|a Feminism.
|
| 650 |
|
0 |
|a Political science
|x Philosophy.
|
| 999 |
|
|
|a MARS
|
| 999 |
f |
f |
|s 48916b41-71f0-3cc4-85bf-0097a8f00bcd
|i 066e2f2a-ade3-34fd-8d86-1a62cdbd40ca
|t 0
|
| 952 |
f |
f |
|p ric
|a Texas A&M University
|b Rellis Campus
|c Joint Library Facility
|d Remote Storage
|t 0
|e HQ1206 .B48 1987
|h Library of Congress classification
|i unmediated -- volume
|m A14811083246
|
| 998 |
f |
f |
|a HQ1206 .B48 1987
|t 0
|l Remote Storage
|